000 02085nac a2200301 a 4500
003 CO-PeBPM
005 20250812175328.0
007 ta
008 250812s2015 ck a|||| |||| 00| 0 spa d
020 _a9789587624526
040 _aCO-PeBPM
_bspa
_cCO-PeBPM
_erda
041 _aspa
082 0 4 _a613.71 D932p
_222
100 1 _aDuperly, John
_eautor
245 1 0 _aPrescripción del ejercicio
_b: Una guía para recomendar actividad física a cada paciente
_c/ John Duperly, Felipe Lobelo
250 _aPrimera edición
260 _aBogotá, Colombia
_b: Edicones de la U
_c, 2015
300 _a246 páginas
_bilustraciones en blanco y negro
_c23,5 centímetros
500 _aIncluye índice
500 _aContiene datos biográficos de los autores en la solapa del texto
520 _aUna guía para recomendar actividad física a cada paciente. "Este libro constituye una guía básica dirigida a médicos y profesionales de la salud de cualquier especialidad para la valoración de la condición física y la adecuada prescripción del ejercicio en la población adulta. El libro incluye la evidencia más reciente sobre los beneficios de la actividad física para la salud, la evaluación del riesgo cardiovascular y algunos de los métodos prácticos para orientar al paciente en el complejo proceso de cambio comportamental hacia el ejercicio regular. Finalmente, presenta los componentes básicos de la prescripción de la actividad física, seguidos de las principales consideraciones para tener en cuenta cuando se prescribe el ejercicio a pacientes con condiciones especiales. Los últimos capítulos recogen las principales recomendaciones nutricionales y farmacológicas que deben ser consideradas cuando se prescribe la actividad física en presencia de las enfermedades crónicas más comunes".
650 1 4 _aActividad física
_2LEMB
650 1 4 _a Ejercicio - Efectos fisiológicos
_2LEMB
650 1 4 _a Entrenamiento deportivo - Efectos fisiológicos
_2LEMB
650 1 4 _aPrevención de la salud
_2LEMB
700 1 _aLobelo, Felipe
_eautor
942 _2ddc
_cBK
_n0
999 _c61163
_d61163